Don't Threaten Me With A Good Time (lyrics) - Panic! At The Disco - Statistics

General Stats
  • This quiz has been taken 463 times
  • The average score is 66 of 86
Answer Stats
Hint Answer % Correct
Alright, ______ alright
99%
Alright, ______ alright
99%
Alright, ______ alright
99%
Alright, ______ alright
99%
Alright, ______ alright
99%
Alright, ______ alright
99%
Alright, ______ alright
99%
It's a ___ of a feeling though hell
98%
It's a ___ of a feeling though hell
98%
It's a ___ of a feeling though hell
98%
It's a ___ of a feeling though hell
98%
It's a ___ of a feeling though hell
98%
It's a ___hell of a feeling though hell
98%
Who are these ______ people
97%
I should probably introduce ______ myself
96%
It's a hell of a _______ ______ feeling though
95%
It's a hell of a _______ ______ feeling though
95%
It's a hell of a ______ _____ feeling though
95%
It's a hell of a ______ _____ feeling though
95%
It's a hell of a ______ _____ feeling though
95%
It's a hell of a ______ _____ feeling though
95%
Champagne, cocaine, ________ gasoline
94%
Champagne, cocaine, ________ gasoline
94%
Champagne, cocaine, ________ gasoline
94%
And most things __ _______ in between
93%
And most things __ _______ in between
93%
And most things __ _______ in between
93%
I just woke up in __ _________ my underwear
90%
Oh yeah! don't threaten me with _ ____ ____ a good time
89%
Oh yeah! don't threaten me with _ ____ ____ a good time
89%
Oh yeah! don't threaten me with _ ____ ____ a good time
89%
I roam the ___ city
88%
I roam the ___ city
88%
I roam the ___ city
88%
I had a cane and a _____ ___ party hat
86%
This night is _______ up heating
85%
This night is _______ up heating
85%
This night is _______ up heating
85%
In a _______ ____ shopping cart
85%
In a _______ ____ shopping cart
85%
In a ________ ____ shopping cart
85%
You should've seen ___ _ ___ what I wore
83%
No _____ left on the shelf liquor
82%
Don't think I'll ever ___ _____ get enough
81%
And a smoke _____ alarm
80%
And a smoke ____ alarm
80%
And a smoke ____ alarm
80%
I was the king of this ________ hologram
80%
Where's there no ____ ____ such thing
79%
They don't look very ______ ____ human like
77%
______ tend to just pop up Memories
77%
5,000 People with ________ ____ designer drugs
75%
As getting out __ ____ of hand
73%
A pack of _____ camels
72%
A pack of _____ camels
72%
A pack of _____ camels
72%
_______ _____ Rubber gloves
71%
Now I wish that I can ____ __ _____ find my clothes
67%
Drunk __-___ and some pre meds
67%
I wanna ____ __ wake up
66%
One of these __________ footprints
65%
_____ ____ with a perfect view Upside down
65%
Can't even tell if this __ _ _____ is a dream
64%
But I make these ____ ____ work high heels
62%
You might pass out in a ____ ___" drain pipe
60%
You might pass out in a ____ ___" drain pipe
60%
You might pass out in a ____ ___" drain pipe
60%
____ ___ and turn it up Raise hell
58%
____ ___ and turn it up Raise hell
58%
_____ ___ and turn it up Raise hell
58%
And I usually don't fall when I ___ __ ____ try to stand
57%
Lost my mind in a ______ ____ wedding gown
57%
I'm not as think as you _____ _ __ drunk I am
56%
I'm a scholar and a __________ gentleman
56%
I told you time and ____ _____ time again
56%
I think we've had _____ enough
55%
How did we end up in my _________ ____ neighbor's pool
55%
And we all fell down the sun ____ __ came up
54%
Bedsheets and a _________ ____ morning rose
49%
I lost a bet to a guy in a ______ ____ chiffon skirt
43%
_____ ____ dancing through this town Fancy feet
39%
Saying "if you __ ___ go out
38%
Saying "if you __ ___ go out
38%
Saying "if you __ ___ go out
38%
___ to ___ at the speed of sound Bar bar
35%
Don't think I'll ever ___ __ ____ get it down
13%
No matching quizzes found
Score Distribution
Percent of People with Each Score
Percentile by Number Answered
Your Score History
You have not taken this quiz